LEADER 01192nam a2200289 a 4500 001 000000147826 003 CaOOAMICUS 005 20151201090908.0 008 151201m20159999it u000 u ita r 020 $a978-88-343-2890-3 (v. 1)* 032 $aLibriCat 040 $aPUL$bita 082 04$a880.09 100 1 $aVigini, Giuliano,$d1946-$0(OLS)http://pul/name/35667 245 13$aIl libro cristiano nella storia della cultura / $cGiuliano Vigini. 260 $aMilano :$bVita e pensiero,$c©2015- 300 $av. ;$c22 cm. 505 1 $aV. 1. Dal I al VI secolo. 650 4$aLetteratura cristiana$xStoria e critica.$0(OLS)http://pul/subject/11479 850 $aPUL 852 $aPUL$W1$xDP2 Cons. Gen., Altre Classi 3$y97$m880. 09 VIGGI 1$j170657$bv. 1$qDDC 21$B171633$CPULBib$Z2$F171633 $H126529 $81 941 1 $a9 996 $6020$a978-88-343-2890-3 (v. 1)*$9(OLS)http://pul/number/159089 996 $6082$a880.09$9(OLS)http://pul/classification/1889 996 $6245$aIl libro cristiano nella storia della cultura / $9(OLS)http://pul/title/186535 996 $6260$aMilano :$bVita e pensiero$9(OLS)http://pul/publisher/48016 LEADER 01611nam a2200301 a 4500 001 000000139083 003 CaOOAMICUS 005 20140707111028.0 008 140707s2013 it u000 u ita r 020 $a88-14-18266-3 040 $aPUL$bita 082 04$a332.63 100 1 $aMazzuca, Marcello.$0(OLS)http://pul/name/89701 245 10$aSulle obbligazioni naturali, tra doveri morali e doveri sociali :$bspunti critici sullo studio delle vicende dell'obbligazione naturale /$cMarcello Mazzuca. 260 $aMilano :$bGiuffrè,$c2013. 300 $aXI, 154 p. ; $c24 cm 490 1 $aUniversità degli studi "Magna Graecia" di Catanzaro$aCollana del Dipartimento di scienze giuridiche, storiche, economiche e sociali ;$v11 504 $aBibliografia in nota. 650 4$aObbligazioni (diritto).$0(OLS)http://pul/subject/17087 830 0$aUniversità degli studi "Magna Graecia" di Catanzaro$pCollana del Dipartimento di scienze giuridiche, storiche, economiche e sociali ;$v11.$0(OLS)http://pul/title/176097 850 $aPUL 852 $aPUL$W1$xSL Diritto e Scienze Sociali 3$y79$m332. 63 MAZMA 1$j160654$qDDC 21$B160063$CPULBib$Z2$F160063 $H124313 $82 941 1 $a9 996 $6020$a88-14-18266-3$9(OLS)http://pul/number/155660 996 $6082$a332.63$9(OLS)http://pul/classification/2690 996 $6245$aSulle obbligazioni naturali, tra doveri morali e doveri sociali :$bspunti critici sullo studio delle vicende dell'obbligazione naturale$9(OLS)http://pul/title/176096 996 $6260$aMilano :$bGiuffrè$9(OLS)http://pul/publisher/48401